000 00975nam a2200253 a 4500
005 20160916170215.0
008 160916b2012 gw ao|||r|||| 00| 0 eng d
020 _a9783981502916
040 _aCO-BoIAVH
_cCO-BoIAVH
041 0 _aeng
044 _agx
082 0 4 _a578.075
_bM98n
245 0 0 _aMuseum für naturkunde :
_bThe exhibitions /
_ceditado por Ferdinand Damaschun [y otros 3]
260 _aBerlín, Alemania :
_bMuseum für Naturkunde Berlin,
_cc2012.
300 _a144 páginas :
_bilustraciones a color y fotografías a color ;
_c19 x 20 cm.
650 2 4 _aMuseos de historia natural
_zAlemania
650 2 6 _aHistoria natural
_xExhibiciones
_zAlemania
650 2 6 _aMuseos
_xHistoria natural
_xExhibiciones
_zAlemania
700 1 _aDamaschun, Ferdinand
_eeditor
700 1 _aNils Hoff, Astrid Faber
_eedior
700 1 _aSpieler, Marko
_eeditor
700 1 _aSteiner, Gesiner
_eeditor
942 _2ddc
_cLIBRO
999 _c19035
_d19035